Vacunación voluntaria contra covid-19 en niñas, niños y adolescentes. Una cautelar innovativa aniquiladora de derechos fundamentales (Registro nro. 32093)

Detalles MARC
000 -LEADER
fixed length control field 00424 a2200109 4500
001 - CONTROL NUMBER
control field ART_58845
005 - DATE AND TIME OF LATEST TRANSACTION
control field 20260410162010.0
008 - FIXED-LENGTH DATA ELEMENTS--GENERAL INFORMATION
fixed length control field 260409a
100 1# - MAIN ENTRY--PERSONAL NAME
Personal name Wierzba, Sandra M.
245 10 - TITLE STATEMENT
Title Vacunación voluntaria contra covid-19 en niñas, niños y adolescentes. Una cautelar innovativa aniquiladora de derechos fundamentales
773 0# - HOST ITEM ENTRY
Title Temas de derecho civil
Related parts - Año 9, N° 7 (jul. 2023)
Record control number REV34778

No hay ítems disponibles.